[Event "DSM WK M 2010"]
[Site "Karlsruhe GER"]
[Date "2010.05.08"]
[Round "6"]
[White "Roether, Barbara"]
[Black "Keyzman, Anastasya"]
[Result "1-0"]
[Termination "normal"]
[Board "6.4"]
[WhiteElo "800"]
[BlackElo "800"]
[WhiteTeam "Lise-Meitner-Gymnasium Königsbach-Stein"]
[BlackTeam "Kant-Gymnasium Karlsruhe"]
[PlyCount "65"]
[EventCountry "GER"]
[EventRounds "7"]
[EventType "team-swiss"]
[EventDate "2010.05.06"]

1. e4 e5 2. Nf3 Nc6 3. Bc4 Nf6 4. Nc3 Bc5 5. O-O d6 6. h3 b6 7. d3 h5 8. h4 Bg4
9. Nh2 Be6 10. Be3 Ng4 11. Nxg4 Bxg4 12. f3 g6 13. Bxc5 dxc5 14. Bd5 Na5 15.
Bc6+ Nxc6 16. fxg4 hxg4 17. Qxg4 f5 18. Qg5 Qd7 19. Qxg6+ Kd8 20. Qf6+ Ke8 21.
Qxh8+ Ke7 22. Qg7+ Ke8 23. Qg6+ Kd8 24. Rf3 Qd6 25. Qg5+ Kc8 26. Qxf5+ Kb7 27.
Nb5 a5 28. Nxd6+ cxd6 29. Qd7+ Kb8 30. Qxc6 b5 31. Rf8+ Ka7 32. Rf7+ Kb8 33.
Qc7# 1-0

[Event "DSM WK M 2010"]
[Site "Karlsruhe GER"]
[Date "2010.05.08"]
[Round "6"]
[White "Reyher, Susan"]
[Black "Berdin, Victoria"]
[Result "1-0"]
[Termination "normal"]
[Board "7.1"]
[WhiteElo "1246"]
[BlackElo "1073"]
[WhiteTeam "J.H. Pestalozzi GS Leegebruch"]
[BlackTeam "Freiherr-vom-Stein-Gymnasium Berlin"]
[PlyCount "89"]
[WhiteFideId "24686107"]
[BlackFideId "24693901"]
[EventCountry "GER"]
[EventRounds "7"]
[EventType "team-swiss"]
[EventDate "2010.05.06"]

1. e4 e5 2. Nf3 Nc6 3. Bc4 Bc5 4. c3 d6 5. d4 exd4 6. cxd4 Bb4+ 7. Bd2 Bxd2+ 8.
Nbxd2 Bg4 9. h3 Bh5 10. Bb5 d5 11. e5 a6 12. Ba4 b5 13. Bb3 Nxd4 14. g4 Nxb3
15. Nxb3 Bg6 16. O-O Ne7 17. Nc5 O-O 18. e6 Qd6 19. Nd7 Rfe8 20. exf7+ Bxf7 21.
Nde5 Qe6 22. Re1 Ng6 23. Ng5 Qf6 24. Ngxf7 Nxe5 25. Nxe5 Rxe5 26. Rxe5 Qxe5 27.
Rc1 d4 28. Qb3+ Kf8 29. Qf3+ Ke7 30. Qxa8 d3 31. Kf1 Qe2+ 32. Kg1 d2 33. Rxc7+
Ke6 34. Qe8+ Kd6 35. Qxe2 Kxc7 36. Qxd2 h5 37. gxh5 g6 38. hxg6 b4 39. Qd5 b3
40. a3 a5 41. g7 a4 42. g8=R Kb6 43. Rg6+ Kc7 44. Qf7+ Kd8 45. Rg8# 1-0

[Event "DSM WK M 2010"]
[Site "Karlsruhe GER"]
[Date "2010.05.08"]
[Round "6"]
[White "Erol, Nuriye Özgü"]
[Black "Wolff, Marie Antoinette"]
[Result "0-1"]
[Termination "normal"]
[Board "7.2"]
[WhiteElo "800"]
[BlackElo "939"]
[WhiteTeam "Freiherr-vom-Stein-Gymnasium Berlin"]
[BlackTeam "J.H. Pestalozzi GS Leegebruch"]
[PlyCount "112"]
[BlackFideId "12908258"]
[EventCountry "GER"]
[EventRounds "7"]
[EventType "team-swiss"]
[EventDate "2010.05.06"]

1. e4 e5 2. Nf3 Nc6 3. Bc4 Nf6 4. d3 g6 5. Nc3 Bg7 6. O-O O-O 7. Bg5 d6 8. Nd5
Bg4 9. h3 Bxf3 10. Qxf3 Nd4 11. Bxf6 Nxf3+ 12. Kh1 Bxf6 13. gxf3 Bh4 14. f4 c6
15. Nc3 exf4 16. d4 f3 17. Rg1 Qc8 18. Kh2 Qc7 19. Rg4 d5+ 20. e5 Bxf2 21. Rf1
dxc4 22. Rxf2 c5 23. Nd5 Qa5 24. b3 Qe1 25. Rxf3 Qe2+ 26. Kg3 cxb3 27. axb3
cxd4 28. c4 dxc3 29. Nxc3 Qxe5+ 30. Kg2 f5 31. Rc4 f4 32. Re4 Qg5+ 33. Kh2 Rad8
34. h4 Qxh4+ 35. Kg2 Rd2+ 36. Re2 Qg4+ 37. Kf2 Rxe2+ 38. Nxe2 Qh4+ 39. Kf1 Rd8
40. Rxf4 Rd1+ 41. Kg2 Qg5+ 42. Kf3 Rf1+ 43. Ke3 Qe5+ 44. Re4 Qc5+ 45. Rd4 b5
46. b4 Qb6 47. Kd3 Rf3+ 48. Kd2 a5 49. Kd1 a4 50. Kc1 a3 51. Kb1 Rf1+ 52. Kc2
a2 53. Ng3 Qxd4 54. Nxf1 a1=R 55. Nd2 Ra2+ 56. Kb1 Qb2# 0-1

[Event "DSM WK M 2010"]
[Site "Karlsruhe GER"]
[Date "2010.05.08"]
[Round "6"]
[White "Sauer, Annika"]
[Black "Taera, Nadhi"]
[Result "1-0"]
[Termination "normal"]
[Board "7.3"]
[WhiteElo "1033"]
[BlackElo "800"]
[WhiteTeam "J.H. Pestalozzi GS Leegebruch"]
[BlackTeam "Freiherr-vom-Stein-Gymnasium Berlin"]
[PlyCount "39"]
[WhiteFideId "12952052"]
[EventCountry "GER"]
[EventRounds "7"]
[EventType "team-swiss"]
[EventDate "2010.05.06"]

1. e4 e5 2. Nf3 Nc6 3. Bc4 Nf6 4. d3 d6 5. Nc3 Bg4 6. Bg5 Be7 7. O-O O-O 8. h3
Bxf3 9. Qxf3 Nd4 10. Qg3 Nxc2 11. Bh6 Nh5 12. Qg4 g6 13. Bxf8 Kxf8 14. Rac1 Nd4
15. Nb5 Nf6 16. Qh4 Nc6 17. Qh6+ Ke8 18. Qg7 Kd7 19. Qxf7 a6 20. Be6# 1-0

[Event "DSM WK M 2010"]
[Site "Karlsruhe GER"]
[Date "2010.05.08"]
[Round "6"]
[White "Miloslavski, Taisija"]
[Black "Allonge, Mandy"]
[Result "1-0"]
[Termination "normal"]
[Board "7.4"]
[WhiteElo "800"]
[BlackElo "866"]
[WhiteTeam "Freiherr-vom-Stein-Gymnasium Berlin"]
[BlackTeam "J.H. Pestalozzi GS Leegebruch"]
[PlyCount "55"]
[EventCountry "GER"]
[EventRounds "7"]
[EventType "team-swiss"]
[EventDate "2010.05.06"]

1. e4 e5 2. d3 Nc6 3. Nf3 Nf6 4. Nc3 Bb4 5. Bd2 O-O 6. Be2 d6 7. O-O Bg4 8. h3
Nd4 9. Nxd4 exd4 10. Nd5 Bxd2 11. Qxd2 Bxe2 12. Qxe2 Nxd5 13. exd5 Re8 14. Qg4
Re7 15. Qxd4 c5 16. Qf4 Qd7 17. Rfe1 Rae8 18. Rxe7 Rxe7 19. Kf1 Re8 20. Re1 b5
21. Rxe8+ Qxe8 22. Qxd6 c4 23. dxc4 bxc4 24. Qa6 Qd7 25. Qxc4 a5 26. Qa6 a4 27.
Qa8+ Qe8 28. Qxe8# 1-0

[Event "DSM WK M 2010"]
[Site "Karlsruhe GER"]
[Date "2010.05.08"]
[Round "6"]
[White "Bykov, Ilona"]
[Black "Brüser, Antonia"]
[Result "1-0"]
[Termination "normal"]
[Board "8.1"]
[WhiteElo "783"]
[BlackElo "768"]
[WhiteTeam "Südendschule Karlsruhe"]
[BlackTeam "KGS Stella Neubrandenburg"]
[PlyCount "45"]
[WhiteFideId "12964433"]
[EventCountry "GER"]
[EventRounds "7"]
[EventType "team-swiss"]
[EventDate "2010.05.06"]

1. e4 e5 2. Nf3 Nc6 3. Nc3 Bc5 4. Bc4 d6 5. d3 Nf6 6. Bg5 h6 7. Bxf6 Qxf6 8.
Nd5 Qd8 9. Nh4 Be6 10. Nf5 Bxf5 11. exf5 Qd7 12. f6 O-O-O 13. fxg7 Rhg8 14. Nf6
Qe7 15. Nxg8 Rxg8 16. Qg4+ Kb8 17. Qh5 Qf6 18. Bxf7 Rd8 19. g8=Q Rxg8 20. Bxg8
Qxf2+ 21. Kd1 Bb4 22. Qe8+ Nd8 23. Qxd8# 1-0

[Event "DSM WK M 2010"]
[Site "Karlsruhe GER"]
[Date "2010.05.08"]
[Round "6"]
[White "Pfahl, Danielle"]
[Black "Ketterer, Beatrice"]
[Result "0-1"]
[Termination "normal"]
[Board "8.2"]
[WhiteElo "800"]
[BlackElo "800"]
[WhiteTeam "KGS Stella Neubrandenburg"]
[BlackTeam "Südendschule Karlsruhe"]
[PlyCount "90"]
[BlackFideId "12983411"]
[EventCountry "GER"]
[EventRounds "7"]
[EventType "team-swiss"]
[EventDate "2010.05.06"]

1. e4 e5 2. Nf3 Nc6 3. Bc4 Nf6 4. Nc3 Bb4 5. d3 Bxc3+ 6. bxc3 Na5 7. Bg5 Nxc4
8. dxc4 d6 9. O-O O-O 10. Qe2 Bg4 11. Rad1 h6 12. Bh4 c6 13. c5 d5 14. exd5
cxd5 15. Rd2 e4 16. Qe3 exf3 17. gxf3 b6 18. fxg4 Rc8 19. c4 Rb8 20. Qe5 Re8
21. Rxd5 Rxe5 22. Rxd8+ Rxd8 23. Bxf6 gxf6 24. f4 Rxc5 25. h4 Rxc4 26. Rf2 Kg7
27. g5 fxg5 28. Rg2 Rxf4 29. hxg5 Rd1+ 30. Kh2 Rh4+ 31. Kg3 hxg5 32. Kf3 Rf4+
33. Kg3 Re1 34. Kh2 g4 35. Kg3 Rf3+ 36. Kxg4 Rf6 37. Kg5 Rg6+ 38. Kf5 Rxg2 39.
Kf4 Rf2+ 40. Kg3 Rf6 41. Kg2 Re5 42. Kg3 Rg5+ 43. Kh4 Rg1 44. Kh5 Rf2 45. Kh4
Rh2# 0-1

[Event "DSM WK M 2010"]
[Site "Karlsruhe GER"]
[Date "2010.05.08"]
[Round "6"]
[White "Kanstinger, Pia"]
[Black "Schumann, Anja"]
[Result "0-1"]
[Termination "normal"]
[Board "8.3"]
[WhiteElo "800"]
[BlackElo "800"]
[WhiteTeam "Südendschule Karlsruhe"]
[BlackTeam "KGS Stella Neubrandenburg"]
[PlyCount "94"]
[EventCountry "GER"]
[EventRounds "7"]
[EventType "team-swiss"]
[EventDate "2010.05.06"]

1. e4 e5 2. Nf3 Nc6 3. Nc3 Bc5 4. Bb5 a6 5. Bxc6 dxc6 6. Nxe5 Nf6 7. Nf3 Bg4 8.
O-O O-O 9. d3 b5 10. Bg5 h6 11. Bxf6 Qxf6 12. h3 Bh5 13. a3 Rad8 14. b4 Be7 15.
d4 Rd7 16. Rc1 Rfd8 17. Qe1 Bxf3 18. gxf3 Qg5+ 19. Kh2 Rd6 20. Rg1 Qf4+ 21. Rg3
Rxd4 22. Ne2 Qd2 23. Qh1 Qxe2 24. Re1 Qxf2+ 25. Qg2 Rd2 26. Rg1 Bd6 27. Qxf2
Rxf2+ 28. R1g2 Bxg3+ 29. Kxg3 Rxg2+ 30. Kxg2 Rd2+ 31. Kg3 Rxc2 32. h4 Ra2 33.
Kg4 Rxa3 34. f4 a5 35. bxa5 b4 36. e5 f6 37. exf6 gxf6 38. h5 b3 39. a6 b2 40.
a7 b1=R 41. a8=R+ Rxa8 42. f5 Rg1+ 43. Kh4 Ra4+ 44. Kh3 Rb1 45. Kg3 Rb3+ 46.
Kf2 Ra2+ 47. Kf1 Rb1# 0-1

[Event "DSM WK M 2010"]
[Site "Karlsruhe GER"]
[Date "2010.05.08"]
[Round "6"]
[White "Szewirski, Lea Antonia"]
[Black "Gschwend, Lena"]
[Result "1-0"]
[Termination "normal"]
[Board "8.4"]
[WhiteElo "800"]
[BlackElo "800"]
[WhiteTeam "KGS Stella Neubrandenburg"]
[BlackTeam "Südendschule Karlsruhe"]
[PlyCount "71"]
[EventCountry "GER"]
[EventRounds "7"]
[EventType "team-swiss"]
[EventDate "2010.05.06"]

1. e4 e5 2. Nf3 Nc6 3. Bc4 Nf6 4. d3 Bc5 5. Nxe5 Nxe5 6. Bb5 Bb4+ 7. c3 Nxd3+
8. Qxd3 c6 9. cxb4 cxb5 10. e5 Nh5 11. Qxb5 a6 12. Qa5 b6 13. Qa4 b5 14. Qd1 g6
15. Nc3 O-O 16. a4 Bb7 17. axb5 axb5 18. Nxb5 Bxg2 19. Rg1 Rxa1 20. Rxg2 Qc8
21. Nc3 Qc6 22. Rg1 Qc4 23. Rg5 Qh4 24. Rg1 Qxh2 25. Rf1 Qg2 26. b5 Nf4 27. b6
Rb8 28. Qd2 Nh5 29. Qxd7 Rxb6 30. Qc7 Rba6 31. Qc4 Kg7 32. Nb5 R6a4 33. Qc5 Ra5
34. Qe3 Rxb5 35. Qh6+ Kh8 36. Qf8# 1-0